| 000 | 00900nam a2200217Ia 4500 | ||
|---|---|---|---|
| 003 | GCL | ||
| 005 | 20240530104919.0 | ||
| 008 | 140319s9999 xx 000 0 ara d | ||
| 020 | _a0075035977 | ||
| 040 |
_aGCL / _cGCL |
||
| 082 | 0 | 4 |
_a811.062 _bش د |
| 100 | 1 | _aالشافعى، ابوعبدالله محمد بن ادريس | |
| 245 | 1 | 0 |
_aديوان الشافعى: حبر الامة وامام الائمة / _cتاليف الشافعى، ابوعبدالله محمد بن ادريس ؛ محقق محمد عبدالمنعم خفاجى |
| 260 |
_aبيروت : _bدار ابن زيدون ، _cد ت |
||
| 300 |
_a127 ص ؛ _c22 سم |
||
| 650 | 0 | 4 | _aالشعر العربى |
| 650 | 0 | 4 | _aالشعر العربى - دواوين وقصائد |
| 650 | 0 | 4 | _aالشافعى , ابوعبدالله محمد |
| 700 | 1 |
_aمحمد عبدالمنعم خفاجى _4محقق |
|
| 942 |
_2ddc _cBK |
||
| 999 |
_c51741 _d51741 |
||